| 000 | 00000nam##2200000za#4500 |
| 001 | 9.615884 |
| 003 | CaOODSP |
| 005 | 20210615101326 |
| 007 | ta |
| 008 | 150406|2000||||xxc||||| f|0| 0 eng|d |
| 020 | |a0-662-31597-9 |
| 040 | |aCaOODSP|beng |
| 043 | |an-cn--- |
| 086 | 1 |aNH18-24/29E |
| 110 | 2 |aCanada Mortgage and Housing Corporation. |
| 245 | 10|aShould you get your heating ducts cleaned? |
| 260 | |aOttawa - Ontario : |bCanada Mortgage and Housing Corporation |c2000. |
| 300 | |a2p. ; |c28 cm. |
| 490 | 1 |aAbout your house |vCE29 |
| 563 | |aPamphlet |
| 590 | |a02-03|b2002-01-18 |
| 690 | 07|aHeating|2gcpds |
| 690 | 07|aHousing|2gcpds |
| 690 | 07|aStandards|2gcpds |
| 690 | 07|aMaintenance|2gcpds |
| 775 | 08|tDoit-on faire nettoyer les conduits de chauffage? |w(CaOODSP)9.625831 |
| 776 | 0#|tShould you get your heating ducts cleaned? |w(CaOODSP)9.571813 |
| 830 | #0|aAbout your house ;|vCE29|w(CaOODSP)9.514828 |